01380nam a2200289 a 450000100100000000500170001000800410002702000150006804000250008308200180010810000420012624500990016826000520026730000200031950400300033959000270036965000310039665000420042765000330046970000400050291000370054295201300057995201300070995201150083995201210095499900150107500000656520200929153943.0090901s2001 dr 000 0 spa d a9993481785 aDO-SdBNPbspacBNPHU a332.74bH557m1 aHernández, Joaquín,d1954-91822810aManual de crédito para directivos y analistas /cJoaquín Hernández, Annerys Rodríguez. aSanto Domingo :bCooperativa San José,c2001. a76 p. ;c22 cm. aBibliografía: p. 71-72. aInventariado, 2018/MFF 4aEstados financieros918229 4aAdministración de créditos918230 4aAnálisis financiero9182311 aRodríguez, Annerys,d1973-918232 aValidado. Control de calidad EMS 001054708DSaGRbGRcHDd2009-09-01iLF1l0o332.74 H557mp6565-30r2020-06-25te. 3w2020-06-25yLFDSZPréstamo en sala 001054708DSaGRbGRcHDd2013-05-10iLF1l0o332.74 H557mp6565-40r2020-06-25te. 4w2020-06-25yLFDSZPréstamo en sala 0010718PDaPDbPDcHDd2009-09-01iLF1l0o332.74 H557mp6565-10r2020-06-25w2020-06-25yLFPDZNo se presta 0010718PDaPDbPDcHDd2009-09-01iLF1l0o332.74 H557mp6565-20r2020-06-25te. 2w2020-06-25yLFPDZNo se presta c6356d6356